Normal view
MARC view
- Munawar, Hafiz Muhammad Usman
Entry Personal Name
001 - CONTROL NUMBER
- control field: 35522
003 - CONTROL NUMBER IDENTIFIER
- control field: NUST
005 - DATE AND TIME OF LATEST TRANSACTION
- control field: 20201123103345.0
008 - FIXED-LENGTH DATA ELEMENTS
- fixed length control field: 201123|| aca||aabn | a|a d
040 ## - CATALOGING SOURCE
- Original cataloging agency: NUST
- Transcribing agency: NUST
100 ## - HEADING--PERSONAL NAME
- Personal name: Munawar, Hafiz Muhammad Usman
670 ## - SOURCE DATA FOUND
- Source citation: Work cat.: (NUST): Munawar, Hafiz Muhammad Usman, Modeling and Simulation of a Magnetic Levitation System using PID Control Technique /, 2017.
